[Event "10th IPCA World Champ"]
[Site "Bialystok"]
[Date "2010.07.02"]
[Round "9.4"]
[White "Anfinogenov, Artem"]
[Black "Zavarsky, Juraj"]
[Result "0-1"]
[WhiteElo "2028"]
[BlackElo "2058"]
[PlyCount "102"]
[EventDate "2010.??.??"]

1. Nf3 Nf6 2. g3 g6 3. Bg2 Bg7 4. O-O d6 5. Re1 O-O 6. e4 e5 7. c3 c6 8. d4
Nbd7 9. Nbd2 Qe7 10. Qc2 c5 11. dxe5 dxe5 12. a4 b6 13. Nc4 Bb7 14. Nfd2 Rad8
15. Nf1 h6 16. Nfe3 Ba6 17. Bd2 Nb8 18. Rad1 Nc6 19. Bc1 Bc8 20. Nd5 Nxd5 21.
exd5 Bf5 22. Qe2 Na5 23. Ne3 Bd7 24. Qc2 Nb7 25. Nc4 Bg4 26. f3 Bf5 27. Qe2
Rfe8 28. Be3 Nd6 29. Nxd6 Qxd6 30. Qd2 Kh7 31. f4 Bg4 32. Rc1 e4 33. h3 Bc8 34.
Red1 Bb7 35. Qc2 f5 36. Bf1 Bf6 37. Bb5 Re7 38. Qf2 Rg7 39. a5 Bc8 40. axb6
axb6 41. b4 cxb4 42. Bxb6 bxc3 43. Bd4 Bxd4 44. Rxd4 Qb6 45. Bc4 Ba6 46. Bxa6
Qxa6 47. Kg2 Qa3 48. Qe3 Qa2+ 49. Qf2 Qxf2+ 50. Kxf2 Rc8 51. d6 Rd7 0-1

[Event "10th IPCA World Champ"]
[Site "Bialystok"]
[Date "2010.07.02"]
[Round "9.6"]
[White "Relidzynski, Tadeusz"]
[Black "Kurochkina, Elena"]
[Result "1-0"]
[WhiteElo "1941"]
[BlackElo "1827"]
[PlyCount "128"]
[EventDate "2010.??.??"]

1. e4 e6 2. d4 d5 3. Nd2 dxe4 4. Nxe4 Nd7 5. Nf3 Ngf6 6. Ng3 Be7 7. Bd3 O-O 8.
O-O c5 9. c3 cxd4 10. Nxd4 Qc7 11. Qe2 b6 12. Bc4 Qe5 13. Qf3 Nd5 14. Nc6 Qd6
15. Bxd5 exd5 16. Qxd5 Ba6 17. Qxd6 Bxd6 18. Re1 Nc5 19. Nb4 Bb7 20. Be3 Rfe8
21. Bxc5 Bxc5 22. Nc2 g6 23. b4 Bf8 24. Nd4 Rac8 25. Rxe8 Rxe8 26. Kf1 Bg7 27.
Nge2 Bd5 28. f3 Bc4 29. Kf2 Rc8 30. Rc1 a5 31. a3 axb4 32. axb4 Ra8 33. Rc2 Kf8
34. f4 Ra2 35. Rxa2 Bxa2 36. Ke3 Bc4 37. g4 h6 38. Ke4 Ke7 39. Ng3 Kd6 40. f5
b5 41. h4 Be5 42. Nge2 Bd5+ 43. Ke3 Bc4 44. fxg6 fxg6 45. h5 gxh5 46. gxh5 Bxe2
47. Nxe2 Kd5 48. Kd3 Kc6 49. Nd4+ Kb6 50. Nf5 Bf4 51. c4 bxc4+ 52. Kxc4 Bg5 53.
Nd4 Bd2 54. b5 Be3 55. Nc2 Bc1 56. Nb4 Bd2 57. Nd5+ Kb7 58. Kc5 Bc1 59. b6 Ba3+
60. Kb5 Bd6 61. Nc3 Be5 62. Na4 Bd4 63. Nc5+ Kb8 64. Kc6 Be3 1-0

[Event "10th IPCA World Champ"]
[Site "Bialystok"]
[Date "2010.07.02"]
[Round "9.8"]
[White "Marievsky, Maxim"]
[Black "Kaydanovich, Marina"]
[Result "1-0"]
[WhiteElo "2024"]
[BlackElo "1852"]
[PlyCount "59"]
[EventDate "2010.??.??"]

1. f4 d5 2. Nf3 Nf6 3. g3 Bf5 4. Bg2 c6 5. b3 Qc8 6. Bb2 Na6 7. O-O Bh3 8. c4
Bxg2 9. Kxg2 Qf5 10. Nc3 h5 11. Nh4 Qd7 12. d4 Ng4 13. Qd3 Nc7 14. e4 dxe4 15.
Nxe4 O-O-O 16. Nc5 Qe8 17. h3 Nf6 18. Qe3 e6 19. Rad1 Be7 20. Nf3 Qf8 21. Rfe1
Rg8 22. Ng5 b6 23. Ncxe6 fxe6 24. Nxe6 Nxe6 25. Qxe6+ Rd7 26. Qxc6+ Rc7 27.
Qe6+ Kb7 28. d5 Bc5 29. d6 Rd7 30. Bxf6 1-0